<?xml version="1.0" encoding="UTF-8"?>
<collection xmlns="http://www.loc.gov/MARC21/slim">
<record>
  <controlfield tag="001">2708</controlfield>
  <controlfield tag="005">20160701171709.0</controlfield>
  <datafield tag="037" ind1=" " ind2=" ">
    <subfield code="a">ASTROimport-865</subfield>
  </datafield>
  <datafield tag="100" ind1=" " ind2=" ">
    <subfield code="a">Mecina, M.</subfield>
  </datafield>
  <datafield tag="260" ind1=" " ind2=" ">
    <subfield code="c">2015</subfield>
  </datafield>
  <datafield tag="245" ind1=" " ind2=" ">
    <subfield code="a">Dust in Stellar Winds: A Micro- and Macroscopic View</subfield>
  </datafield>
  <datafield tag="520" ind1=" " ind2=" ">
    <subfield code="a">In the course of the MESS Guaranteed Time Key Program, geometrically thin and overall spherically symmetric detached shells were observed with Herschel/PACS amongst a morphologically diverse sample of (post-)AGB stars. We use 1D dust radiative transfer modelling to determine shell properties such as the dust mass, the corresponding mass-loss rate (MLR) and dust temperature, in order to assess the possible scenarios of shell formation. As an example we present the case of the carbon star U Hya. For the modelling the chosen dust properties are crucial, and we show the key aspects and their effect on the results obtained. We further attempt to establish a physical model of the observed stellar dust envelope by means of a stationary wind code to test whether an abrupt change in the MLR can cause the observed detached shell. </subfield>
  </datafield>
  <datafield tag="700" ind1=" " ind2=" ">
    <subfield code="a"> Groenewegen, M. A. T.</subfield>
  </datafield>
  <datafield tag="700" ind1=" " ind2=" ">
    <subfield code="a"> Kerschbaum, F.</subfield>
  </datafield>
  <datafield tag="700" ind1=" " ind2=" ">
    <subfield code="a"> Aringer, B.</subfield>
  </datafield>
  <datafield tag="700" ind1=" " ind2=" ">
    <subfield code="a"> Nowotny, W.</subfield>
  </datafield>
  <datafield tag="700" ind1=" " ind2=" ">
    <subfield code="a"> Ottensamer, R.</subfield>
  </datafield>
  <datafield tag="700" ind1=" " ind2=" ">
    <subfield code="a"> Mayer, A.</subfield>
  </datafield>
  <datafield tag="700" ind1=" " ind2=" ">
    <subfield code="a"> Luntzer, A.</subfield>
  </datafield>
  <datafield tag="773" ind1=" " ind2=" ">
    <subfield code="p">Why Galaxies Care about AGB Stars III: A Closer Look in Space and Time</subfield>
    <subfield code="v">497</subfield>
    <subfield code="y">2015</subfield>
    <subfield code="c">395</subfield>
  </datafield>
  <datafield tag="856" ind1="4" ind2="2">
    <subfield code="a">http://esoads.eso.org/abs/2015ASPC..497..395M</subfield>
  </datafield>
  <datafield tag="905" ind1=" " ind2=" ">
    <subfield code="a">published in</subfield>
  </datafield>
  <datafield tag="980" ind1=" " ind2=" ">
    <subfield code="a">NONREF</subfield>
  </datafield>
</record>
</collection>